00708nam a2200229 a 4500001000900000005001700009008004100026020001500067041000800082044000700090050002600097100002800123245003600151260003600187300005300223500001100276650003000287902000800317942001100325999001700336952012500353BRL_153520190320211242.0180214s1978----gw-ob#####---#000-0#eng-# a0500530173 aeng agw 4aGT1748.A35b.B54 19781 aBleakley, Robert92720510aAfrican maskscRobert Bleakley. aLondonbThames and Hudsonc1978 a1 v.bil., 40 láminas, mapas (a color)c28 cm. aAu181414aMáscaraszAfrica926964 aGRL 2lcccB c10344d10344 00104070aBRLbBRLd2014-02-18iAu1814l0oGT1748.A35 .B54 1978 (Au1814)pGRL01694r2019-03-22 00:00:00w2019-03-22yB